Estadísticas para Banderas mal dibujadas

Haz click aquí para intentar la prueba.

Estadísticas generales

  • Esta prueba ha sido intentada 1.459 veces
  • La puntuación promedio es 13 de 16

Estadísticas de respuestas

Respuesta% Correcto
Albania
97%
Brasil
95%
Corea del Norte
94%
Mexico
93%
Sudafrica
93%
Noruega
91%
Malta
86%
Angola
82%
Singapur
81%
Santa Lucía
73%
Kirguistán
71%
Uzbekistán
68%
Cabo Verde
66%
Namibia
61%
San Vicente y las Granadinas
61%
Vanuatu
56%

Distribución de puntuación

Porcentaje por número respondido

Porcentaje de gente con cada puntuación

Historial de tus puntuaciones

No has intentado esta prueba.